000 00680nam a2200277Ia 4500
005 20260324142605.0
008 008 260324s9999 xx 000 0 eng d
020 _a9781315484730
037 _aEBOOK
040 _aCRL
040 _beng
040 _cCRL
041 _2eng
041 _aeng
084 _qCRL
100 _aJane W. D'Arista
_91212512
245 4 _aThe Evolution of US Finance: v. 1: Federal Reserve Monetary Policy, 1915-35
260 _bTaylor and Francis
260 _c1994
365 _a
365 _b290
856 _uhttp://www.taylorfrancis.com/books/9781315484730
942 _cEBOOK
999 _c1816875
_d1816875